00752nam a2200181 i 450000100060000000300090000600500170001500700030003200800410003510000510007624502150012726000660034230000220040865000230043070000310045371100650048485200210054927131ES-MaACL20251002195537.0t|030113s1914 fr ||||1| fre d1 aAvril de Sainte-Croix , Ghénia (d1855-1939)10aOeuvres et institutions féminines : bdroits des femmes / Dixième congrès international des femmes... le 2 juin 1913 ; inauguré par M. Klotz,... ; compte rendu des travaux par Mme Avril de Sainte-Croix. aParís : bV. Giard et E. Brière, c1914 (fImp. Charaire) a590 p. ; c25 cm.04aMujeres-xDerechos1 aKlotz, Lucien, d1868-19302 aCongrès International des Femmes (n10º. d1913. cParis) aES-MaACLjF-9376